01123nam a2200265 i 450000100060000000300090000600500170001500700030003200800410003502000180007608000190009408000230011310000580013624501040019426000890029830000220038749000670040965000470047665000420052371000560056583000640062185200330068599900170071895201220073515936ES-MaACL20250731005147.0t|000524s1999 sp ||||1| spa d a84-95265-10-9 a261.7(460)"19" a348.711.4(460)"19"1 aVázquez García-Peñuela, José María.911344513aEl intento concordatario de la Segunda República / cJosé María Vázquez García-Peñuela. aMadrid : bMinisterio de Asuntos Exteriores, Secretaría General Técnica,c[1999] a251 p. ; c25 cm.1 aBiblioteca diplomática española. Sección Estudios ; v19 4aIglesia y Estado-zEspaña-yS.XX.91356114aConcordatos-zEspaña-yS.XX.9112502 aEspaña. bMinisterio de Asuntos Exteriores.9384500aBiblioteca diplomática española. pEstudiosv199179518 aES-MaACLjL-22826 bR.128197 c15936d15936 00104070aATENEOMbATENEOMcDEPO2d2008-01-17eSCl0oL-22826p1016197r2023-02-23 00:00:00w2023-02-23yMONOGRAFIA